Statistics for History by Letter - G

Click here to take the quiz!

General Stats

  • This quiz has been taken 53,051 times
    (53,014 since last reset)
  • The average score is 15 of 22

Answer Stats

HintAnswer% Correct
He led India to independenceMohandas Gandhi
99%
Country where the Parthenon
is located
Greece
95%
Italian astronomer
who improved the telescope
Galileo Galilei
87%
French decapitation machineGuillotine
85%
Style of architecture exemplified by
Notre-Dame de Paris
Gothic
82%
1949 agreement on the rules of war{Geneva}
Convention
81%
Secret police of Nazi GermanyGestapo
81%
Archipelago where Darwin
found his finches
Galápagos Islands
78%
Bloody Civil War battle
in Pennsylvania
Gettysburg
75%
Soviet prison camp systemGulag
74%
Cuban bay leased to the US in 1903Guantánamo Bay
73%
Calendar that started in 1582,
named after a Pope
Gregorian Calendar
72%
Argentine Marxist and beret wearerChe Guevara
71%
Printing press inventorJohannes Gutenberg
63%
Notable Nazi propagandistJoseph Goebbels
60%
Region conquered by Julius CaesarGaul
60%
The first man in spaceYuri Gagarin
58%
Julius Caesar's first name by birthGaius
48%
Turkish peninsula and site of a
British disaster in WWI
Gallipoli
47%
Assassinated US PresidentJames Garfield
47%
Term for a Nepalese fighter in
the British army
Gurkhas
45%
Enemies of the GhibellinesGuelphs
10%

Score Distribution

Percentile by Number Answered

Percent of People with Each Score

Your Score History

You have not taken this quiz since the last reset